Normal view
MARC view
- Internet
Entry Materia
Number of records used in: 104
001 - NÚMERO DE CONTROL DEL REGISTRO
- campo de control: 547
003 - IDENTIFICADOR DE NUMERO DE CONTROL
- campo de control: MX-MxUPN
005 - FECHA Y HORA DE LA ÚLTIMA TRANSACCIÓN
- campo de control: 20250310130330.0
008 - DATOS DE LONGITUD FIJA
- campo de control de longitud fija: 250310n| acnnnbabn | ana |d
035 ## - NÚMERO DE CONTROL DEL SISTEMA
- Número de control del sistema: UPN10000000547
040 ## - FUENTE DE LA CATALOGACIÓN
- Centro catalogador de origen: MX-MxUPN
- Lengua de catalogación: spa
- Agencia de transcripción: MX-MxUPN
053 #4 - NÚMERO CLASIFICADOR - BIBLIOTECA DEL CONGRESO (LC)
- Elemento numérico de la clasificación - Número único o no. inicial del rango: TK5105.875 I57
- Frase explicativa: Telecomunicaciones
053 #4 - NÚMERO CLASIFICADOR - BIBLIOTECA DEL CONGRESO (LC)
- Elemento numérico de la clasificación - Número único o no. inicial del rango: ZA4195
- Elemento numérico de la clasificación - Número único o no. final del rango: ZA4201
- Frase explicativa: Fuentes de informacion
150 ## - ENCABEZAMIENTO - TEMÁTICO
- Término de materia o nombre geográfico como elemento inicial: Internet
450 ## - VÉASE - MATERIA
- Encabezamiento temático: Internet (Redes de computadoras)
670 ## - FUENTE EN LA QUE SE LOCALIZARON DATOS
- Cita de la fuente: LC/P
- Información localizada: Internet (Computer networks)
902 ## - CATALOGADOR
- Catalogador: MMA/170605
